Villes d'Ile-de-France de plus de 10 000 habitants - Statistiques

Statistiques générales
  • Ce quiz a été pris 397 fois
  • Le résultat moyen est 106 sur 264
Statistiques - réponses
Département Ville Population % Correct
75 Paris 2133111
98%
93 Saint-Denis 113942
94%
78 Versailles 83587
91%
92 Nanterre 97351
90%
92 Boulogne-Billancourt 119808
89%
93 Montreuil 111455
87%
94 Créteil 92989
86%
93 Aubervilliers 90071
85%
91 Évry-Courcouronnes 66177
85%
95 Argenteuil 107221
84%
95 Cergy 68348
82%
77 Melun 42367
81%
93 Bobigny 55056
79%
92 Neuilly-sur-Seine 59267
78%
92 Clichy 64849
77%
94 Ivry-sur-Seine 64001
74%
95 Sarcelles 58424
74%
94 Vitry-sur-Seine 96205
74%
92 Antony 63232
73%
92 Issy-les-Moulineaux 68580
73%
92 Levallois-Perret 68009
73%
94 Orly 24482
73%
92 Colombes 88870
72%
93 Pantin 60800
72%
93 Drancy 71363
71%
92 Courbevoie 81516
70%
77 Meaux 55616
70%
93 Aulnay-sous-Bois 86135
69%
95 Pontoise 31327
69%
92 Rueil-Malmaison 78186
69%
94 Villejuif 57753
68%
93 La Courneuve 47160
67%
78 Mantes-la-Jolie 44539
67%
92 Puteaux 43672
66%
94 Vincennes 48798
66%
93 Bondy 52905
65%
92 Clamart 54491
65%
91 Massy 50962
65%
93 Noisy-le-Grand 70374
64%
94 Saint-Maur-des-Fossés 75441
64%
92 Asnières-sur-Seine 89662
63%
94 Champigny-sur-Marne 77724
63%
78 Saint-Germain-en-Laye 44380
63%
93 Sevran 51845
63%
92 Gennevilliers 49410
62%
91 Palaiseau 34893
61%
92 Montrouge 47657
60%
93 Noisy-le-Sec 46094
59%
78 Sartrouville 51220
59%
92 Bagneux 43699
58%
77 Fontainebleau 15945
58%
78 Trappes 33717
58%
77 Chelles 54309
57%
92 Meudon 46342
57%
77 Torcy 22444
57%
93 Bagnolet 39366
56%
92 Malakoff 30292
56%
78 Poissy 40016
56%
92 Saint-Cloud 29727
56%
92 Suresnes 49104
55%
94 Alfortville 45046
54%
93 Épinay-sur-Seine 53489
54%
94 Fontenay-sous-Bois 51812
54%
93 Le Blanc-Mesnil 58257
54%
94 Maisons-Alfort 58068
54%
93 Neuilly-sur-Marne 37531
54%
93 Rosny-sous-Bois 45655
54%
92 Vanves 28014
54%
92 Bois-Colombes 29765
52%
94 Cachan 30592
52%
91 Corbeil-Essonnes 52683
52%
94 Choisy-le-Roi 46129
51%
94 Arcueil 21557
50%
93 Les Lilas 23469
50%
94 L'Haÿ-les-Roses 31392
50%
94 Nogent-sur-Marne 33472
50%
92 Sèvres 22618
50%
91 Étampes 26529
49%
93 Stains 40359
49%
92 Châtillon 36777
48%
91 Grigny 27257
48%
78 Rambouillet 26816
48%
93 Saint-Ouen-sur-Seine 53207
48%
92 Sceaux 20488
48%
93 Villepinte 38725
48%
95 Garges-lès-Gonesse 42841
47%
78 Houilles 33449
47%
94 Le Kremlin-Bicêtre 24380
47%
93 Romainville 33266
47%
94 Villeneuve-Saint-Georges 35492
47%
92 Bourg-la-Reine 20810
46%
94 Charenton-le-Pont 29445
46%
93 Tremblay-en-France 37271
46%
91 Athis-Mons 36222
45%
93 Clichy-sous-Bois 29735
45%
93 Le Bourget 14832
45%
93 Livry-Gargan 46028
45%
93 Montfermeil 27980
45%
94 Saint-Mandé 21195
45%
94 Thiais 31097
45%
95 Gonesse 25963
44%
93 Neuilly-Plaisance 21415
44%
78 Plaisir 31375
44%
94 Joinville-le-Pont 20413
43%
92 La Garenne-Colombes 29932
43%
91 Savigny-sur-Orge 37371
43%
92 Villeneuve-la-Garenne 25371
43%
95 Franconville 37520
42%
78 Les Mureaux 33977
42%
95 Villiers-le-Bel 28836
42%
92 Fontenay-aux-Roses 24772
41%
93 Le Raincy 14877
41%
77 Pontault-Combault 38258
41%
95 Saint-Ouen-l'Aumône 25023
41%
94 Sucy-en-Brie 27622
41%
77 Champs-sur-Marne 25695
40%
94 Fresnes 28780
40%
93 Gagny 40189
40%
92 Le Plessis-Robinson 29228
40%
78 Mantes-la-Ville 21376
40%
92 Garches 17898
39%
91 Juvisy-sur-Orge 18424
39%
91 Brétigny-sur-Orge 27106
38%
92 Châtenay-Malabry 34898
38%
95 Goussainville 30693
38%
91 Yerres 28699
38%
91 Orsay 16007
37%
91 Ris-Orangis 29825
37%
91 Sainte-Geneviève-des-Bois 35846
37%
78 Vélizy-Villacoublay 22713
37%
93 Villemomble 30332
37%
93 Villetaneuse 12663
37%
94 Villiers-sur-Marne 30669
37%
91 Viry-Châtillon 31045
37%
95 Bezons 32017
36%
78 Chatou 29649
36%
78 Conflans-Sainte-Honorine 35926
36%
94 Le Perreux-sur-Marne 34213
36%
91 Les Ulis 25253
36%
93 Pierrefitte-sur-Seine 32379
36%
77 Villeparisis 26822
36%
92 Chaville 19991
35%
94 Gentilly 19048
35%
78 Maisons-Laffitte 23080
35%
77 Provins 11958
35%
95 Ermont 28987
34%
93 Le Pré-Saint-Gervais 16865
34%
91 Longjumeau 20620
34%
78 Montigny-le-Bretonneux 31777
34%
95 Eaubonne 25373
33%
91 Gif-sur-Yvette 22352
33%
93 Les Pavillons-sous-Bois 24165
33%
78 Le Vésinet 15646
33%
95 Montmorency 21870
33%
77 Savigny-le-Temple 30510
33%
77 Roissy-en-Brie 23061
32%
94 Villeneuve-le-Roi 21129
32%
94 Bry-sur-Marne 17400
31%
91 Draveil 29173
31%
94 Saint-Maurice 14603
31%
95 Taverny 27025
31%
78 Achères 21368
30%
77 Bussy-Saint-Georges 26571
30%
93 Dugny 11328
30%
78 Guyancourt 29406
30%
94 Boissy-Saint-Léger 17570
29%
78 Carrières-sur-Seine 15038
29%
94 Chevilly-Larue 20326
29%
95 Deuil-la-Barre 22510
29%
91 Dourdan 11279
29%
78 Élancourt 26082
29%
77 Noisiel 15461
29%
91 Brunoy 25423
28%
77 Dammarie-les-Lys 22845
28%
95 Enghien-les-Bains 11440
28%
94 Limeil-Brévannes 27999
28%
91 Montgeron 23800
28%
78 Saint-Cyr-l'École 20971
28%
92 Ville-d'Avray 10694
28%
78 Viroflay 16960
28%
94 Bonneuil-sur-Marne 18750
27%
91 Chilly-Mazarin 19938
27%
95 Cormeilles-en-Parisis 26741
27%
78 Le Chesnay-Rocquencourt 30924
27%
94 Le Plessis-Trévise 20218
27%
91 Vigneux-sur-Seine 31050
27%
77 Mitry-Mory 20627
26%
95 Montigny-lès-Cormeilles 22603
26%
95 Saint-Gratien 20866
26%
91 Saint-Michel-sur-Orge 21437
26%
95 Sannois 26768
26%
94 Chennevières-sur-Marne 18367
25%
77 Coulommiers 15250
25%
77 Lognes 14650
25%
78 Marly-le-Roi 16531
25%
91 Arpajon 11281
24%
77 Combs-la-Ville 22240
24%
91 Fleury-Mérogis 13983
24%
95 Herblay-sur-Seine 31605
24%
78 La Celle-Saint-Cloud 20476
24%
78 Le Pecq 15832
24%
95 Montmagny 14775
24%
77 Nemours 13189
24%
78 Montesson 14511
23%
77 Ozoir-la-Ferrière 20692
23%
94 Valenton 14482
23%
78 Carrières-sous-Poissy 18316
22%
77 Lagny-sur-Marne 21191
22%
77 Le Mée-sur-Seine 20207
22%
91 Igny 10213
21%
77 Lieusaint 13808
21%
95 Arnouville 14585
20%
78 Bois-d'Arcy 15435
20%
77 Brie-Comte-Robert 19213
20%
95 Domont 16078
20%
94 La Queue-en-Brie 12081
20%
95 L'Isle-Adam 11846
20%
95 Persan 13996
20%
95 Saint-Leu-la-Forêt 15979
20%
78 Croissy-sur-Seine 10399
19%
91 Épinay-sur-Orge 10760
19%
78 Les Clayes-sous-Bois 17237
19%
78 Limay 17626
19%
91 Mennecy 15711
19%
77 Montereau-Fault-Yonne 22259
19%
91 Morsang-sur-Orge 20785
19%
95 Soisy-sous-Montmorency 18008
19%
78 Verneuil-sur-Seine 15914
19%
78 Andrésy 13230
18%
78 Aubergenville 12317
18%
77 Claye-Souilly 12282
18%
95 Éragny 18468
18%
95 Louvres 12083
18%
78 Maurepas 18611
18%
95 Osny 17277
18%
77 Avon 13660
17%
77 Moissy-Cramayel 18248
17%
91 Épinay-sous-Sénart 11869
16%
91 Morangis 13211
16%
94 Ormesson-sur-Marne 10540
16%
91 Bondoufle 10862
15%
95 Saint-Brice-sous-Forêt 15209
15%
91 Villebon-sur-Yvette 10322
15%
94 Villecresnes 11642
15%
78 Voisins-le-Bretonneux 10721
15%
95 Jouy-le-Moutier 17175
14%
78 Triel-sur-Seine 12388
14%
77 Vaires-sur-Marne 13518
14%
95 Vauréal 16034
14%
78 Vernouillet 10025
14%
91 Verrières-le-Buisson 14597
14%
77 Dammartin-en-Goële 11272
13%
78 Fontenay-le-Fleury 13455
13%
78 Villepreux 11150
12%
77 Cesson 11140
11%
78 Chanteloup-les-Vignes 10735
11%
95 Méry-sur-Oise 10046
11%
77 Thorigny-sur-Marne 10405
11%
77 Montévrain 13934
9%
91 Saint-Germain-lès-Arpajon 11305
9%
77 Vaux-le-Pénil 11174
9%
77 Saint-Fargeau-Ponthierry 14516
8%
91 Saint-Pierre-du-Perray 11680
8%
77 Moret-Loing-et-Orvanne 12581
7%
Aucun quiz correspondant
Distribution des résultats
% des personnes avec chaque résultat
Percentile par nombre de réponses
Votre historique - résultats
Vous n’avez pas pris ce quiz